| 000 | 01228cam a22002534a 4500 | ||
|---|---|---|---|
| 005 | 20250605164308.0 | ||
| 008 | 250528s ||||||||||||||||||||||||d | ||
| 035 | _a22349 | ||
| 020 | _a9789603433286 | ||
| 040 |
_aGR-AtMCL _bgre _dGR-AtMCL _eAACR2 |
||
| 245 | 1 | _aΓΕΩΔΑΙΣΙΑ | |
| 250 | _a2 | ||
| 260 |
_bΑδελφοι Κυριακιδη, _c2008 |
||
| 300 | _a511 | ||
| 505 | 0 | _aΕΙΣΑΓΩΓΗ ΣΤΟΙΧΕΙΑ ΑΠΟ ΤΗ ΘΕΩΡΙΑ ΣΦΑΛΜΑΤΩΝ ΒΑΣΙΚΕΣ ΑΡΧΕΣ ΛΕΙΤΟΥΡΓΙΑΣ ΚΑΙ ΔΟΜΙΚΑ ΣΤΟΙΧΕΙΑ ΤΩΝ ΓΕΩΔΑΙΤΙΚΩΝ ΟΡΓΑΝΩΝ ΓΕΩΔΑΙΤΙΚΑ ΟΡΓΑΝΑ ΚΑΙ ΜΕΘΟΔΟΙ ΜΕΤΡΗΣΗΣ ΜΗΚΩΝ | |
| 520 | _aΕΙΣΑΓΩΓΗ ΣΤΟΙΧΕΙΑ ΑΠΟ ΤΗ ΘΕΩΡΙΑ ΣΦΑΛΜΑΤΩΝ ΒΑΣΙΚΕΣ ΑΡΧΕΣ ΛΕΙΤΟΥΡΓΙΑΣ ΚΑΙ ΔΟΜΙΚΑ ΣΤΟΙΧΕΙΑ ΤΩΝ ΓΕΩΔΑΙΤΙΚΩΝ ΟΡΓΑΝΩΝ ΓΕΩΔΑΙΤΙΚΑ ΟΡΓΑΝΑ ΚΑΙ ΜΕΘΟΔΟΙ ΜΕΤΡΗΣΗΣ ΜΗΚΩΝ | ||
| 700 | 1 |
_aΔουκας Ι.Δ _98202 |
|
| 700 | 1 |
_aΜπαντελας Α.Γ _98203 |
|
| 700 | 1 |
_aΣαββαιδης Π.Δ _98204 |
|
| 700 | 1 |
_aΥφαντης Ι.Μ _98205 |
|
| 942 | _cBK | ||
| 999 |
_c7402 _d7402 |
||